• 首页
  • 本馆介绍
  • 公告通知
  • 最新文献
  • 馆藏检索
  • 电子资源
  • 读者导购
  • 参考咨询
  • 我的图书馆
  • 登录
  • 详细信息显示
  • 放入我的书架
  • 预约/预借图书
  • 作者相关作品
  • 分类相关作品
  • 丛书相关作品
  • 出版社相关作品

书目信息

  • 表格格式
  • 工作单格式
  • 卡片格式
题名:
大门背后
    
 
作者: 牛顿 著 ;曹帅 译
分册:  
出版信息: 北京   北京联合出版公司  2018.04
页数: 232页
开本: 22cm
丛书名:
单 册:
中图分类: K565.3
科图分类:
主题词: 凡尔赛宫--fan er sai gong--法国--18世纪--史料
电子资源:
ISBN: 978-7-5596-1723-1
000 01310nam0 2200313 450
001 CAL 0120182456519
005 20180706155904.4
010    @a978-7-5596-1723-1@b精装@dCNY56.00
100    @a20180704d2018 em y0chiy50 ea
101 1  @achi@ceng
102    @aCN@b110000
105    @ab a 000yy
106    @ar
200 1  @a大门背后@Ada men bei hou@e18世纪凡尔赛宫廷生活与权力舞台@f(美) 威廉·里奇·牛顿著@g曹帅译
210    @a北京@c北京联合出版公司@d2018.04
215    @a232页@c地图@d22cm
312    @a法文题名取自版权页
314    @a(美) 威廉·里奇·牛顿, 美国历史学家。
320    @a有书目
330    @a这是一本讲18世纪凡尔赛宫廷历史的书。作者分别从住宿、膳食、水源、取暖、照明、卫生、洗衣等七个方面, 按照时间顺序, 为我们阐述这七个方面不断完善的过程 ; 并从中穿插众多宫廷人物关系, 侧面展现三代君王的性格特点以及宫廷生活的奢靡。
510 1  @aDerriere la facade@evivre au chateau de versailles au ⅩⅧ siecle@zfre
517 1  @a18世纪凡尔赛宫廷生活与权力舞台@A18 shi ji fan er sai gong ting sheng huo yu quan li wu tai
606 0  @a凡尔赛宫@Afan er sai gong@y法国@z18世纪@x史料
690    @aK565.3@v5
701  1 @a牛顿@Aniu dun@g(Newton, William Ritchey)@4著
702  0 @a曹帅@Acao shuai@4译
801  0 @aCN@b人天书店@c20180704@g
905    @aBZT@dK565.3@e1
906    @dCNY56.00@n3@r1
    
    大门背后:18世纪凡尔赛宫廷生活与权力舞台/(美) 威廉·里奇·牛顿著/曹帅译.-北京:北京联合出版公司,2018.04
    232页:地图;22cm
    
    
    ISBN 978-7-5596-1723-1(精装):CNY56.00
    这是一本讲18世纪凡尔赛宫廷历史的书。作者分别从住宿、膳食、水源、取暖、照明、卫生、洗衣等七个方面, 按照时间顺序, 为我们阐述这七个方面不断完善的过程 ; 并从中穿插众多宫廷人物关系, 侧面展现三代君王的性格特点以及宫廷生活的奢靡。
●
相关链接 在五车中查询图书 在当当中查询图书 在豆瓣中查询图书


正题名:大门背后     索取号:K565.3/1         预约/预借

序号 登录号 条形码 馆藏地/架位号 状态 备注
1 852412   2000852412   第二书库/ [索取号:K565.3/1] 在馆    
2 852413   2000852413   第二书库/ [索取号:K565.3/1] 在馆    
3 852414   2000852414   第二书库/ [索取号:K565.3/1] 在馆    
山东省滨州职业学院图书馆 欢迎您!
大连网信软件有限公司© 版权所有